[Event "DSJ Weihnachtsturnier U20 2020"]
[Site "https://play.chessbase.com/en/play?room=DSJWeihnachtU20"]
[Date "2020.12.29"]
[Round "5"]
[White "Keyser, Philipp"]
[Black "Sinnhöfer, Joshua"]
[Result "1/2-1/2"]
[Termination "normal"]
[Board "10.2"]
[WhiteElo "2030"]
[BlackElo "1712"]
[WhiteTeam "SK Johanneum Eppendorf"]
[BlackTeam "Delmenhorster SK V 1931"]
[PlyCount "165"]
[WhiteFideId "12986437"]
[BlackFideId "16201361"]
[EventRounds "7"]
[EventType "team-swiss"]
[EventDate "2020.12.29"]

1. e4 {[%emt 0:00:07]} e5 {[%emt 0:00:03]} 2. Nf3 {[%emt 0:00:03]} Nc6 { [%emt
0:00:03]} 3. Bb5 {[%emt 0:00:03]} a6 {[%emt 0:00:04]} 4. Ba4 {[%emt 0:00:02]}
b5 {[%emt 0:00:32]} 5. Bb3 {[%emt 0:00:03]} Nf6 {[%emt 0:00:02]} 6. O-O { [%emt
0:00:03]} Bc5 {[%emt 0:00:10]} 7. d3 {[%emt 0:00:05]} O-O {[%emt 0:00:05] } 8.
a3 {[%emt 0:00:03]} d6 {[%emt 0:00:07]} 9. Nc3 {[%emt 0:00:01]} Bg4 { [%emt
0:00:09]} 10. h3 {[%emt 0:00:02]} Bh5 {[%emt 0:00:03]} 11. Nd5 {[%emt 0:00:03]}
Nd4 {[%emt 0:00:09]} 12. Be3 {[%emt 0:00:37]} Bxf3 {[%emt 0:00:11]} 13. gxf3
{[%emt 0:00:03]} Nxb3 {[%emt 0:00:02]} 14. cxb3 {[%emt 0:00:01]} Nxd5 { [%emt
0:00:04]} 15. exd5 {[%emt 0:00:05]} Bxe3 {[%emt 0:00:02]} 16. fxe3 { [%emt
0:00:01]} Qg5+ {[%emt 0:00:02]} 17. Kf2 {[%emt 0:00:01]} Qh4+ {[%emt 0:00:04]}
18. Kg2 {[%emt 0:00:03]} f5 {[%emt 0:00:02]} 19. Qe1 {[%emt 0:00:03]} Qg5+
{[%emt 0:00:02]} 20. Kf2 {[%emt 0:00:03]} f4 {[%emt 0:00:02]} 21. e4 { [%emt
0:00:05]} Qg3+ {[%emt 0:00:02]} 22. Ke2 {[%emt 0:00:03]} Qg2+ {[%emt 0:00:05]}
23. Qf2 {[%emt 0:00:05]} Qxh3 {[%emt 0:00:02]} 24. Rh1 {[%emt 0:00:04]} Qg3
{[%emt 0:00:01]} 25. Qf1 {[%emt 0:00:05]} Rf6 {[%emt 0:00:09]} 26. Rg1 { [%emt
0:00:02]} Qh2+ {[%emt 0:00:04]} 27. Rg2 {[%emt 0:00:02]} Qh5 {[%emt 0:00:03]}
28. Qf2 {[%emt 0:00:11]} Qf7 {[%emt 0:00:11]} 29. Rag1 {[%emt 0:00:03]} Rg6
{[%emt 0:00:04]} 30. Rxg6 {[%emt 0:00:04]} hxg6 {[%emt 0:00:00]} 31. Qg2 {
[%emt 0:00:02]} Rf8 {[%emt 0:00:18]} 32. Qxg6 {[%emt 0:00:09]} Qxg6 {[%emt
0:00:00]} 33. Rxg6 {[%emt 0:00:01]} Kf7 {[%emt 0:00:07]} 34. Rg1 {[%emt
0:00:06]} Rh8 {[%emt 0:00:02]} 35. Rc1 {[%emt 0:00:08]} Rc8 {[%emt 0:00:09]}
36. b4 { [%emt 0:00:03]} g5 {[%emt 0:00:04]} 37. Rc6 {[%emt 0:00:02]} Ke7
{[%emt 0:00:08]} 38. Rxa6 {[%emt 0:00:06]} Rh8 {[%emt 0:00:02]} 39. Rc6 {[%emt
0:00:02]} Kd7 {[%emt 0:00:03]} 40. Rc2 {[%emt 0:00:07]} Rh2+ {[%emt 0:00:02]}
41. Kd1 { [%emt 0:00:01]} Rh1+ {[%emt 0:00:02]} 42. Kd2 {[%emt 0:00:05]} Rf1
{[%emt 0:00:08]} 43. Ke2 {[%emt 0:00:02]} Rh1 {[%emt 0:00:02]} 44. Rd2 {[%emt
0:00:06]} Rh2+ {[%emt 0:00:03]} 45. Kd1 {[%emt 0:00:01]} Rh1+ {[%emt 0:00:03]}
46. Ke2 { [%emt 0:00:02]} Rh2+ {[%emt 0:00:01]} 47. Ke1 {[%emt 0:00:01]} Rh1+
{[%emt 0:00:08]} 48. Kf2 {[%emt 0:00:01]} Rh2+ {[%emt 0:00:32]} 49. Ke1 {[%emt
0:00:02]} Rh3 {[%emt 0:00:09]} 50. Rf2 {[%emt 0:00:06]} Ke7 {[%emt 0:00:11]}
51. Ke2 { [%emt 0:00:12]} Rh1 {[%emt 0:00:03]} 52. Kd2 {[%emt 0:00:08]} Kf6
{[%emt 0:00:04]} 53. Kc3 {[%emt 0:00:09]} Rc1+ {[%emt 0:00:02]} 54. Kb3 {[%emt
0:00:02]} Kg6 {[%emt 0:00:05]} 55. a4 {[%emt 0:00:06]} bxa4+ {[%emt 0:00:02]}
56. Kxa4 { [%emt 0:00:00]} Rd1 {[%emt 0:00:01]} 57. Kb5 {[%emt 0:00:03]} Rxd3
{[%emt 0:00:01]} 58. Kc6 {[%emt 0:00:02]} Rb3 {[%emt 0:00:03]} 59. Kxc7 {[%emt
0:00:01]} Rxb4 {[%emt 0:00:01]} 60. Kxd6 {[%emt 0:00:01]} Kf6 {[%emt 0:00:03]}
61. Kc5 { [%emt 0:00:07]} Rb8 {[%emt 0:00:05]} 62. b4 {[%emt 0:00:04]} Ke7
{[%emt 0:00:04]} 63. Ra2 {[%emt 0:00:06]} Rc8+ {[%emt 0:00:03]} 64. Kb5 {[%emt
0:00:03]} Rc3 {[%emt 0:00:02]} 65. Ra7+ {[%emt 0:00:03]} Kd6 {[%emt 0:00:01]}
66. Ra6+ { [%emt 0:00:04]} Kd7 {[%emt 0:00:02]} 67. Rg6 {[%emt 0:00:05]} Rxf3
{[%emt 0:00:02]} 68. Rxg5 {[%emt 0:00:02]} Re3 {[%emt 0:00:05]} 69. Rxe5 {[%emt
0:00:01]} f3 {[%emt 0:00:01]} 70. Rf5 {[%emt 0:00:04]} Kd6 {[%emt 0:00:01]} 71.
e5+ { [%emt 0:00:59]} Kxd5 {[%emt 0:00:03]} 72. Kb6 {[%emt 0:00:08]} Ke6 {[%emt
0:00:05]} 73. Rf8 {[%emt 0:00:06]} Kxe5 {[%emt 0:00:03]} 74. b5 {[%emt
0:00:01]} Kd4 {[%emt 0:00:04]} 75. Kb7 {[%emt 0:00:13]} Kd3 {[%emt 0:00:01]}
76. b6 {[%emt 0:00:01]} Ke2 {[%emt 0:00:01]} 77. Kc8 {[%emt 0:00:08]} f2 {[%emt
0:00:02]} 78. b7 {[%emt 0:00:11]} Rc3+ {[%emt 0:00:02]} 79. Kd7 {[%emt
0:00:04]} Rd3+ { [%emt 0:00:01]} 80. Kc7 {[%emt 0:00:02]} Rc3+ {[%emt 0:00:03]}
81. Kd7 { [%emt 0:00:01]} Rd3+ {[%emt 0:00:06]} 82. Kc7 {[%emt 0:00:03]} Rc3+
{[%emt 0:00:01]} 83. Kd7 {[%emt 0:00:01]} 1/2-1/2

[Event "DSJ Weihnachtsturnier U20 2020"]
[Site "https://play.chessbase.com/en/play?room=DSJWeihnachtU20"]
[Date "2020.12.29"]
[Round "5"]
[White "Wander, Dennis"]
[Black "Killgus, Leonard"]
[Result "0-1"]
[Termination "normal"]
[Board "10.3"]
[WhiteElo "1595"]
[BlackElo "1962"]
[WhiteTeam "Delmenhorster SK V 1931"]
[BlackTeam "SK Johanneum Eppendorf"]
[PlyCount "106"]
[WhiteFideId "16276523"]
[BlackFideId "12922021"]
[EventRounds "7"]
[EventType "team-swiss"]
[EventDate "2020.12.29"]

1. e4 {[%emt 0:00:36]} c5 {[%emt 0:00:04]} 2. Nf3 {[%emt 0:00:10]} e6 {[%emt
0:00:02]} 3. d4 {[%emt 0:00:01]} cxd4 {[%emt 0:00:00]} 4. Nxd4 {[%emt 0:00:01]}
a6 {[%emt 0:00:01]} 5. Nc3 {[%emt 0:00:01]} b5 {[%emt 0:00:14]} 6. Qf3 { [%emt
0:00:24]} Bb7 {[%emt 0:00:09]} 7. Bd3 {[%emt 0:00:13]} Bc5 {[%emt 0:01:32]} 8.
Nb3 {[%emt 0:00:05]} Be7 {[%emt 0:00:03]} 9. Qg3 {[%emt 0:00:13]} Nf6 { [%emt
0:00:09]} 10. a3 {[%emt 0:00:03]} d6 {[%emt 0:00:09]} 11. O-O {[%emt 0:00:10]}
Nbd7 {[%emt 0:00:14]} 12. Bf4 {[%emt 0:00:10]} Nh5 {[%emt 0:00:23]} 13. Qe3
{[%emt 0:00:15]} Nxf4 {[%emt 0:00:04]} 14. Qxf4 {[%emt 0:00:00]} O-O { [%emt
0:00:16]} 15. Qg3 {[%emt 0:00:10]} Ne5 {[%emt 0:01:07]} 16. Be2 {[%emt
0:00:25]} Rc8 {[%emt 0:00:24]} 17. f4 {[%emt 0:00:22]} Nc4 {[%emt 0:00:05]} 18.
Rab1 {[%emt 0:00:19]} Bh4 {[%emt 0:00:32]} 19. Qf3 {[%emt 0:00:34]} Qb6+ {
[%emt 0:01:52]} 20. Kh1 {[%emt 0:00:10]} Ne3 {[%emt 0:00:02]} 21. g3 {[%emt
0:01:12]} f5 {[%emt 0:00:56]} 22. Qf2 {[%emt 0:00:56]} Bf6 {[%emt 0:00:38]} 23.
Nd1 {[%emt 0:00:34]} Bxe4+ {[%emt 0:00:31]} 24. Kg1 {[%emt 0:00:04]} Bxc2 {
[%emt 0:00:10]} 25. Nxe3 {[%emt 0:00:34]} Bxb3 {[%emt 0:00:02]} 26. Nd1 { [%emt
0:00:22]} Bd4 {[%emt 0:00:02]} 27. Nc3 {[%emt 0:00:05]} Bxf2+ {[%emt 0:00:02]}
28. Rxf2 {[%emt 0:00:01]} Bc4 {[%emt 0:00:01]} 29. Bf3 {[%emt 0:00:06]} d5
{[%emt 0:00:05]} 30. a4 {[%emt 0:00:07]} Bd3 {[%emt 0:00:01]} 31. a5 { [%emt
0:00:03]} Qxa5 {[%emt 0:00:02]} 32. Re1 {[%emt 0:00:02]} Be4 {[%emt 0:00:03]}
33. Bxe4 {[%emt 0:00:02]} fxe4 {[%emt 0:00:00]} 34. Ref1 {[%emt 0:00:04]} Rxc3
{[%emt 0:00:02]} 35. bxc3 {[%emt 0:00:02]} Qxc3 {[%emt 0:00:00]} 36. Kg2 {
[%emt 0:00:02]} Rc8 {[%emt 0:00:02]} 37. Kh3 {[%emt 0:00:02]} e3 {[%emt
0:00:03]} 38. Rf3 {[%emt 0:00:03]} d4 {[%emt 0:00:00]} 39. f5 {[%emt 0:00:02]}
exf5 {[%emt 0:00:01]} 40. Rxf5 {[%emt 0:00:01]} Qc4 {[%emt 0:00:02]} 41. R5f4 {
[%emt 0:00:08]} h6 {[%emt 0:00:02]} 42. Kg4 {[%emt 0:00:02]} Qe2+ {[%emt
0:00:03]} 43. Kf5 {[%emt 0:00:11]} Rf8+ {[%emt 0:00:03]} 44. Ke4 {[%emt
0:00:10]} Qxf1 {[%emt 0:00:01]} 45. Rxf1 {[%emt 0:00:03]} Rxf1 {[%emt 0:00:00]}
46. Kxd4 {[%emt 0:00:01]} e2 {[%emt 0:00:02]} 47. Kd3 {[%emt 0:00:01]} e1=Q
{[%emt 0:00:02]} 48. Kd4 {[%emt 0:00:01]} Qd2+ {[%emt 0:00:02]} 49. Kc5 {[%emt
0:00:01]} Rc1+ {[%emt 0:00:01]} 50. Kb6 {[%emt 0:00:01]} Qd8+ {[%emt 0:00:02]}
51. Kb7 { [%emt 0:00:04]} Qd6 {[%emt 0:00:06]} 52. Ka8 {[%emt 0:00:05]} Rc7
{[%emt 0:00:00]} 53. Kb8 {[%emt 0:00:01]} Qd8# {[%emt 0:00:01]} 0-1

[Event "DSJ Weihnachtsturnier U20 2020"]
[Site "https://play.chessbase.com/en/play?room=DSJWeihnachtU20"]
[Date "2020.12.29"]
[Round "5"]
[White "Hermes, Simon"]
[Black "Alhamid, Mohamad"]
[Result "1/2-1/2"]
[Termination "normal"]
[Board "10.4"]
[WhiteElo "1646"]
[BlackElo "1664"]
[WhiteTeam "SK Johanneum Eppendorf"]
[BlackTeam "Delmenhorster SK V 1931"]
[PlyCount "193"]
[WhiteFideId "16253841"]
[BlackFideId "16235665"]
[EventRounds "7"]
[EventType "team-swiss"]
[EventDate "2020.12.29"]

1. d4 {[%emt 0:00:16]} Nf6 {[%emt 0:00:03]} 2. c4 {[%emt 0:00:02]} e6 {[%emt
0:00:11]} 3. Nf3 {[%emt 0:00:02]} d5 {[%emt 0:00:17]} 4. g3 {[%emt 0:00:03]}
Be7 {[%emt 0:00:02]} 5. Bg2 {[%emt 0:00:01]} O-O {[%emt 0:00:05]} 6. O-O {[%emt
0:00:01]} c5 {[%emt 0:00:08]} 7. dxc5 {[%emt 0:00:44]} Nc6 {[%emt 0:00:11]} 8.
a3 {[%emt 0:01:10]} dxc4 {[%emt 0:00:06]} 9. Qc2 {[%emt 0:00:15]} Bxc5 {[%emt
0:00:08]} 10. Qxc4 {[%emt 0:00:06]} Bb6 {[%emt 0:00:03]} 11. Nc3 {[%emt
0:00:08]} Qe7 {[%emt 0:00:04]} 12. Bg5 {[%emt 0:00:15]} h6 {[%emt 0:00:02]} 13.
Bf4 { [%emt 0:00:11]} e5 {[%emt 0:00:16]} 14. Bc1 {[%emt 0:00:18]} Be6 {[%emt
0:00:17]} 15. Qb5 {[%emt 0:00:13]} Rad8 {[%emt 0:00:21]} 16. e3 {[%emt
0:00:48]} Bf5 {[%emt 0:00:37]} 17. Qa4 {[%emt 0:00:16]} Bd3 {[%emt 0:00:26]}
18. Rd1 { [%emt 0:00:02]} Rfe8 {[%emt 0:00:38]} 19. b4 {[%emt 0:00:26]} Qe6
{[%emt 0:00:21]} 20. Bb2 {[%emt 0:00:27]} Bc4 {[%emt 0:00:16]} 21. Nd2 {[%emt
0:00:17]} Bd5 {[%emt 0:01:23]} 22. Nxd5 {[%emt 0:00:30]} Nxd5 {[%emt 0:00:02]}
23. Nf3 { [%emt 0:00:21]} Nf6 {[%emt 0:00:44]} 24. b5 {[%emt 0:00:20]} e4
{[%emt 0:01:20] } 25. bxc6 {[%emt 0:00:05]} exf3 {[%emt 0:00:03]} 26. Bxf3
{[%emt 0:00:00]} bxc6 {[%emt 0:00:04]} 27. Bg2 {[%emt 0:00:16]} c5 {[%emt
0:00:27]} 28. Rac1 { [%emt 0:00:15]} Ne4 {[%emt 0:00:49]} 29. Rxd8 {[%emt
0:00:21]} Bxd8 {[%emt 0:00:17]} 30. Qc2 {[%emt 0:00:12]} Bb6 {[%emt 0:00:18]}
31. Rd1 {[%emt 0:00:17]} Qe7 {[%emt 0:00:20]} 32. a4 {[%emt 0:00:13]} Ng5
{[%emt 0:00:20]} 33. Ba3 { [%emt 0:00:11]} Ne6 {[%emt 0:00:03]} 34. Bd5 {[%emt
0:00:11]} Qc7 {[%emt 0:00:10]} 35. Bc4 {[%emt 0:00:08]} Nd8 {[%emt 0:00:09]}
36. Qd2 {[%emt 0:00:21]} Nc6 {[%emt 0:00:02]} 37. Qe2 {[%emt 0:00:26]} Ne5
{[%emt 0:00:01]} 38. Ba2 { [%emt 0:00:08]} c4 {[%emt 0:00:02]} 39. Rc1 {[%emt
0:00:10]} Rc8 {[%emt 0:00:02]} 40. Bb2 {[%emt 0:00:29]} Nd3 {[%emt 0:00:01]}
41. Rc3 {[%emt 0:00:06]} Nxb2 {[%emt 0:00:02]} 42. Qxb2 {[%emt 0:00:01]} Qe5
{[%emt 0:00:01]} 43. Qc2 { [%emt 0:00:04]} Ba5 {[%emt 0:00:03]} 44. Rxc4 {[%emt
0:00:08]} Rd8 {[%emt 0:00:02]} 45. Rc8 {[%emt 0:00:09]} Rxc8 {[%emt 0:00:03]}
46. Qxc8+ {[%emt 0:00:00]} Kh7 {[%emt 0:00:01]} 47. Qc2+ {[%emt 0:00:04]} g6
{[%emt 0:00:01]} 48. Kg2 { [%emt 0:00:01]} Kg7 {[%emt 0:00:01]} 49. Qc4 {[%emt
0:00:01]} Qf6 {[%emt 0:00:03]} 50. Qc5 {[%emt 0:00:02]} Bb6 {[%emt 0:00:01]}
51. Qc4 {[%emt 0:00:03]} h5 {[%emt 0:00:02]} 52. Qb5 {[%emt 0:00:01]} Qd6
{[%emt 0:00:02]} 53. a5 {[%emt 0:00:01]} Bc7 {[%emt 0:00:02]} 54. Qc4 {[%emt
0:00:02]} Qe7 {[%emt 0:00:02]} 55. Qd5 {[%emt 0:00:03]} Bd6 {[%emt 0:00:03]}
56. a6 {[%emt 0:00:01]} Bc7 {[%emt 0:00:02]} 57. Bc4 {[%emt 0:00:02]} Bb6
{[%emt 0:00:01]} 58. Qd3 {[%emt 0:00:03]} Qf6 {[%emt 0:00:01]} 59. Qd5 {[%emt
0:00:02]} Qe7 {[%emt 0:00:01]} 60. h4 { [%emt 0:00:03]} Qf6 {[%emt 0:00:01]}
61. Bd3 {[%emt 0:00:03]} Qe7 {[%emt 0:00:01]} 62. Be4 {[%emt 0:00:02]} Qf6
{[%emt 0:00:01]} 63. Bf3 {[%emt 0:00:01]} Qe7 {[%emt 0:00:01]} 64. Kh3 {[%emt
0:00:01]} Qe6+ {[%emt 0:00:02]} 65. Qxe6 { [%emt 0:00:07]} fxe6 {[%emt
0:00:00]} 66. g4 {[%emt 0:00:01]} hxg4+ {[%emt 0:00:02]} 67. Bxg4 {[%emt
0:00:00]} Kf6 {[%emt 0:00:00]} 68. Kg3 {[%emt 0:00:01]} Bc7+ {[%emt 0:00:01]}
69. Kf3 {[%emt 0:00:01]} Be5 {[%emt 0:00:01]} 70. Ke4 { [%emt 0:00:01]} Bd6
{[%emt 0:00:01]} 71. f4 {[%emt 0:00:01]} Bc7 {[%emt 0:00:01]} 72. h5 {[%emt
0:00:01]} gxh5 {[%emt 0:00:01]} 73. Bxh5 {[%emt 0:00:00]} Bb6 {[%emt 0:00:00]}
74. Bg4 {[%emt 0:00:01]} Bc5 {[%emt 0:00:02]} 75. Kd3 { [%emt 0:00:01]} Bb6
{[%emt 0:00:01]} 76. e4 {[%emt 0:00:01]} Bc5 {[%emt 0:00:01]} 77. e5+ {[%emt
0:00:01]} Ke7 {[%emt 0:00:01]} 78. Kc4 {[%emt 0:00:01]} Bb6 {[%emt 0:00:01]}
79. Kb5 {[%emt 0:00:01]} Be3 {[%emt 0:00:01]} 80. Kc6 { [%emt 0:00:02]} Bb6
{[%emt 0:00:01]} 81. Kb7 {[%emt 0:00:01]} Be3 {[%emt 0:00:01]} 82. f5 {[%emt
0:00:02]} exf5 {[%emt 0:00:01]} 83. Bxf5 {[%emt 0:00:00]} Bb6 {[%emt 0:00:01]}
84. Ka8 {[%emt 0:00:03]} Bd4 {[%emt 0:00:01]} 85. Bc8 { [%emt 0:00:01]} Bb6
{[%emt 0:00:01]} 86. Kb7 {[%emt 0:00:01]} Bd4 {[%emt 0:00:01]} 87. Kc6 {[%emt
0:00:01]} Bxe5 {[%emt 0:00:03]} 88. Bh3 {[%emt 0:00:02]} Bd4 {[%emt 0:00:01]}
89. Kb7 {[%emt 0:00:01]} Bb6 {[%emt 0:00:01]} 90. Bc8 { [%emt 0:00:00]} Kd6
{[%emt 0:00:00]} 91. Bh3 {[%emt 0:00:01]} Kc5 {[%emt 0:00:00]} 92. Bc8 {[%emt
0:00:01]} Kb5 {[%emt 0:00:00]} 93. Bh3 {[%emt 0:00:01]} Ka5 {[%emt 0:00:01]
SKJE1-004 offers a draw} 94. Bc8 {[%emt 0:00:03]} Kb5 {[%emt 0:00:01]} 95. Bh3
{[%emt 0:00:02]} Ka5 {[%emt 0:00:02]} 96. Bg4 {[%emt 0:00:00]} Kb5 {[%emt
0:00:01]} 97. Bh3 {[%emt 0:00:00]} 1/2-1/2

[Event "DSJ Weihnachtsturnier U20 2020"]
[Site "https://play.chessbase.com/en/play?room=DSJWeihnachtU20"]
[Date "2020.12.29"]
[Round "5"]
[White "Kolb, Tobias"]
[Black "Petrow, Jonas"]
[Result "1-0"]
[Termination "normal"]
[Board "11.1"]
[WhiteElo "2285"]
[BlackElo "1811"]
[WhiteTeam "SC 1868 Bamberg"]
[BlackTeam "TuS Makkabi Rostock"]
[PlyCount "53"]
[WhiteFideId "12992321"]
[BlackFideId "12991805"]
[EventRounds "7"]
[EventType "team-swiss"]
[EventDate "2020.12.29"]

1. e4 {[%emt 0:00:10]} c5 {[%emt 0:00:02]} 2. Nc3 {[%emt 0:00:02]} e6 {[%emt
0:00:04]} 3. g3 {[%emt 0:00:00]} g6 {[%emt 0:00:05]} 4. Bg2 {[%emt 0:00:01]}
Bg7 {[%emt 0:00:01]} 5. d3 {[%emt 0:00:01]} Nc6 {[%emt 0:00:04]} 6. Be3 {[%emt
0:00:02]} b6 {[%emt 0:00:07]} 7. Qd2 {[%emt 0:00:03]} Nge7 {[%emt 0:00:05]} 8.
Bh6 {[%emt 0:00:02]} O-O {[%emt 0:00:02]} 9. h4 {[%emt 0:00:02]} d5 {[%emt
0:00:07]} 10. h5 {[%emt 0:00:02]} dxe4 {[%emt 0:01:36]} 11. Bxg7 {[%emt
0:00:03]} Kxg7 {[%emt 0:00:23]} 12. hxg6 {[%emt 0:00:03]} fxg6 {[%emt 0:00:23]}
13. Qh6+ {[%emt 0:00:04]} Kf7 {[%emt 0:00:02]} 14. Qxh7+ {[%emt 0:00:07]} Ke8
{[%emt 0:00:01]} 15. Nxe4 {[%emt 0:00:04]} Nd4 {[%emt 0:00:11]} 16. O-O-O
{[%emt 0:00:13]} Bb7 {[%emt 0:00:16]} 17. Nh3 {[%emt 0:00:58]} Qd7 {[%emt
0:00:32]} 18. Nf4 {[%emt 0:00:50]} Qa4 {[%emt 0:00:20]} 19. Kb1 {[%emt
0:00:36]} Qxc2+ {[%emt 0:02:10]} 20. Ka1 {[%emt 0:00:03]} Rd8 {[%emt 0:00:03]}
21. Nxg6 {[%emt 0:00:23]} Nxg6 {[%emt 0:00:51]} 22. Qxg6+ {[%emt 0:00:00]} Kd7
{[%emt 0:00:01]} 23. Rh7+ {[%emt 0:00:01]} Kc8 {[%emt 0:00:04]} 24. Rdh1 {[%emt
0:02:20]} Rxf2 {[%emt 0:02:44]} 25. Nxf2 {[%emt 0:00:03]} Bxg2 {[%emt 0:00:01]}
26. Qf7 {[%emt 0:00:01] } Qb1+ {[%emt 0:00:25]} 27. Kxb1 {[%emt 0:00:04]} 1-0

[Event "DSJ Weihnachtsturnier U20 2020"]
[Site "https://play.chessbase.com/en/play?room=DSJWeihnachtU20"]
[Date "2020.12.29"]
[Round "5"]
[White "Tovmasyan, Minas"]
[Black "Köhler, Lukas"]
[Result "0-1"]
[Termination "time forfeit"]
[Board "11.2"]
[WhiteElo "1771"]
[BlackElo "2127"]
[WhiteTeam "TuS Makkabi Rostock"]
[BlackTeam "SC 1868 Bamberg"]
[PlyCount "62"]
[WhiteFideId "16247620"]
[BlackFideId "16221990"]
[EventRounds "7"]
[EventType "team-swiss"]
[EventDate "2020.12.29"]

1. d4 {[%emt 0:00:03]} Nf6 {[%emt 0:00:02]} 2. c4 {[%emt 0:00:01]} g6 {[%emt
0:00:02]} 3. Nc3 {[%emt 0:00:02]} Bg7 {[%emt 0:00:06]} 4. e4 {[%emt 0:00:03]}
d6 {[%emt 0:00:01]} 5. f3 {[%emt 0:00:02]} O-O {[%emt 0:00:05]} 6. Be3 {[%emt
0:00:02]} c5 {[%emt 0:00:40]} 7. Nge2 {[%emt 0:01:11]} cxd4 {[%emt 0:00:05]} 8.
Nxd4 {[%emt 0:00:00]} Nc6 {[%emt 0:00:00]} 9. Be2 {[%emt 0:00:11]} Bd7 { [%emt
0:00:05]} 10. O-O {[%emt 0:00:05]} Rc8 {[%emt 0:00:04]} 11. Rc1 {[%emt
0:00:10]} Nxd4 {[%emt 0:00:14]} 12. Bxd4 {[%emt 0:00:05]} Qa5 {[%emt 0:00:19]}
13. a3 {[%emt 0:02:12]} a6 {[%emt 0:00:32]} 14. Qd3 {[%emt 0:01:25]} Rfe8 {
[%emt 0:00:29]} 15. Rfd1 {[%emt 0:00:45]} Bc6 {[%emt 0:00:08]} 16. Qe3 { [%emt
0:01:34]} Qd8 {[%emt 0:00:22]} 17. Nd5 {[%emt 0:00:09]} Bxd5 {[%emt 0:00:08]}
18. cxd5 {[%emt 0:00:00]} Nd7 {[%emt 0:00:13]} 19. Bxg7 {[%emt 0:00:34]} Kxg7
{[%emt 0:00:10]} 20. Rxc8 {[%emt 0:00:02]} Qxc8 {[%emt 0:00:03]} 21. Rc1 {
[%emt 0:00:00]} Qb8 {[%emt 0:00:05]} 22. Qc3+ {[%emt 0:00:04]} f6 {[%emt
0:00:35]} 23. Qc7 {[%emt 0:00:12]} Qa7+ {[%emt 0:00:45]} 24. Kf1 {[%emt
0:00:33]} Nc5 {[%emt 0:00:16]} 25. b4 {[%emt 0:00:15]} Nb3 {[%emt 0:00:07]} 26.
Rc2 { [%emt 0:00:09]} Kf7 {[%emt 0:01:05]} 27. Qd7 {[%emt 0:00:48]} Qe3 {[%emt
0:00:20]} 28. Qc7 {[%emt 0:00:18]} Nd2+ {[%emt 0:00:35]} 29. Ke1 {[%emt
0:00:02]} Nb1 {[%emt 0:00:01]} 30. Qc4 {[%emt 0:00:03]} Qg1+ {[%emt 0:00:09]}
31. Bf1 { [%emt 0:00:01]} Nxa3 {[%emt 0:00:01] TimeW} 0-1

[Event "DSJ Weihnachtsturnier U20 2020"]
[Site "https://play.chessbase.com/en/play?room=DSJWeihnachtU20"]
[Date "2020.12.29"]
[Round "5"]
[White "Wolf, Pablo"]
[Black "Elsken Sicard, Fabian"]
[Result "1/2-1/2"]
[Termination "normal"]
[Board "11.3"]
[WhiteElo "2001"]
[BlackElo "1469"]
[WhiteTeam "SC 1868 Bamberg"]
[BlackTeam "TuS Makkabi Rostock"]
[PlyCount "151"]
[WhiteFideId "12943894"]
[BlackFideId "16247612"]
[EventRounds "7"]
[EventType "team-swiss"]
[EventDate "2020.12.29"]

1. e4 {[%emt 0:00:07]} c5 {[%emt 0:00:03]} 2. Nc3 {[%emt 0:00:11]} Nc6 { [%emt
0:00:03]} 3. g3 {[%emt 0:00:01]} g6 {[%emt 0:00:01]} 4. Bg2 {[%emt 0:00:20]}
Bg7 {[%emt 0:00:02]} 5. d3 {[%emt 0:00:01]} e6 {[%emt 0:00:04]} 6. Be3 { [%emt
0:00:03]} b6 {[%emt 0:00:03]} 7. f4 {[%emt 0:00:04]} Nge7 {[%emt 0:00:03] } 8.
e5 {[%emt 0:00:01]} d6 {[%emt 0:00:07]} 9. exd6 {[%emt 0:00:06]} Qxd6 { [%emt
0:00:05]} 10. Nf3 {[%emt 0:00:01]} O-O {[%emt 0:00:02]} 11. O-O {[%emt
0:00:02]} Bb7 {[%emt 0:00:03]} 12. Ne4 {[%emt 0:00:01]} Qc7 {[%emt 0:00:08]}
13. Rb1 {[%emt 0:00:06]} Nd5 {[%emt 0:00:02]} 14. Bf2 {[%emt 0:00:03]} Rfe8 {
[%emt 0:00:12]} 15. Qe2 {[%emt 0:00:20]} e5 {[%emt 0:00:19]} 16. fxe5 {[%emt
0:00:02]} Nxe5 {[%emt 0:00:02]} 17. Nxe5 {[%emt 0:00:05]} Bxe5 {[%emt 0:00:15]}
18. Qd2 {[%emt 0:00:07]} Rad8 {[%emt 0:00:10]} 19. c3 {[%emt 0:00:53]} Nf6 {
[%emt 0:00:50]} 20. Nxf6+ {[%emt 0:00:26]} Bxf6 {[%emt 0:00:00]} 21. Be3 {
[%emt 0:00:01]} Bxg2 {[%emt 0:00:11]} 22. Kxg2 {[%emt 0:00:00]} Qd7 {[%emt
0:00:15]} 23. Rxf6 {[%emt 0:00:04]} Qd5+ {[%emt 0:00:12]} 24. Rf3 {[%emt
0:00:28] } Re5 {[%emt 0:00:17]} 25. Rbf1 {[%emt 0:00:09]} Rde8 {[%emt 0:00:05]}
26. Kg1 {[%emt 0:00:14]} Qe6 {[%emt 0:00:25]} 27. Bh6 {[%emt 0:00:36]} Re2
{[%emt 0:00:04]} 28. Qf4 {[%emt 0:00:09]} f5 {[%emt 0:00:20]} 29. Qc7 {[%emt
0:01:20]} Re7 {[%emt 0:00:09]} 30. Qb8+ {[%emt 0:00:02]} Re8 {[%emt 0:00:02]}
31. Qxa7 { [%emt 0:00:01]} Re7 {[%emt 0:00:07]} 32. Qb8+ {[%emt 0:00:20]} Re8
{[%emt 0:00:06]} 33. Qc7 {[%emt 0:00:34]} Re7 {[%emt 0:00:06]} 34. Qf4 {[%emt
0:00:10]} Rxb2 {[%emt 0:00:08]} 35. Qe3 {[%emt 0:00:57]} Qxa2 {[%emt 0:00:10]}
36. R3f2 { [%emt 0:02:26]} Rxe3 {[%emt 0:00:10]} 37. Bxe3 {[%emt 0:00:02]} Rxf2
{[%emt 0:00:11]} 38. Bxf2 {[%emt 0:00:00]} Qd2 {[%emt 0:00:11]} 39. d4 {[%emt
0:00:25]} Qxc3 {[%emt 0:00:17]} 40. dxc5 {[%emt 0:00:02]} bxc5 {[%emt 0:00:03]}
41. Rd1 { [%emt 0:00:01]} Qe5 {[%emt 0:00:42]} 42. Rd8+ {[%emt 0:00:01]} Kf7
{[%emt 0:00:15]} 43. Rd7+ {[%emt 0:00:01]} Kg8 {[%emt 0:00:02]} 44. Rd8+ {[%emt
0:00:01]} Kg7 {[%emt 0:00:01]} 45. Rc8 {[%emt 0:00:01]} c4 {[%emt 0:00:40]} 46.
Rxc4 { [%emt 0:00:02]} Qa1+ {[%emt 0:00:03]} 47. Kg2 {[%emt 0:00:01]} Qa8+
{[%emt 0:00:03]} 48. Kg1 {[%emt 0:00:01]} g5 {[%emt 0:00:06]} 49. Rc5 {[%emt
0:00:02]} Kg6 {[%emt 0:00:05]} 50. Rc7 {[%emt 0:00:01]} Qe4 {[%emt 0:00:33]}
51. Ra7 { [%emt 0:00:07]} h6 {[%emt 0:00:27]} 52. Ra6+ {[%emt 0:00:01]} Kh5
{[%emt 0:00:02]} 53. Ra3 {[%emt 0:00:02]} f4 {[%emt 0:00:12]} 54. gxf4 {[%emt
0:00:01]} Qxf4 {[%emt 0:00:05]} 55. Rh3+ {[%emt 0:00:02]} Kg6 {[%emt 0:00:02]}
56. Rg3 { [%emt 0:00:01]} Qc1+ {[%emt 0:00:08]} 57. Kg2 {[%emt 0:00:01]} Qc6+
{[%emt 0:00:03]} 58. Kg1 {[%emt 0:00:01]} h5 {[%emt 0:00:05]} 59. Be3 {[%emt
0:00:02]} g4 {[%emt 0:00:20]} 60. h3 {[%emt 0:00:01]} Qd6 {[%emt 0:00:04]} 61.
Bf2 { [%emt 0:00:03]} Kf5 {[%emt 0:00:13]} 62. hxg4+ {[%emt 0:00:01]} hxg4
{[%emt 0:00:02]} 63. Re3 {[%emt 0:00:01]} Qd2 {[%emt 0:00:36]} 64. Rg3 {[%emt
0:00:02]} Qc1+ {[%emt 0:00:39]} 65. Kg2 {[%emt 0:00:07]} Qf4 {[%emt 0:00:04]}
66. Kg1 { [%emt 0:00:04]} Qe4 {[%emt 0:00:10]} 67. Re3 {[%emt 0:00:02]} Qb1+
{[%emt 0:00:16]} 68. Kg2 {[%emt 0:00:02]} Qb7+ {[%emt 0:00:03]} 69. Kg1 {[%emt
0:00:01]} Qf3 {[%emt 0:00:09]} 70. Rxf3+ {[%emt 0:00:03]} gxf3 {[%emt 0:00:00]}
71. Kh2 { [%emt 0:00:01]} Kf4 {[%emt 0:00:01]} 72. Bg3+ {[%emt 0:00:01]} Ke4
{[%emt 0:00:01]} 73. Bf2 {[%emt 0:00:02]} Kd3 {[%emt 0:00:01]} 74. Kg3 {[%emt
0:00:01]} Ke2 {[%emt 0:00:01]} 75. Bg1 {[%emt 0:00:01]} f2 {[%emt 0:00:01]} 76.
Bxf2 { [%emt 0:00:01]} 1/2-1/2